Normal view
MARC view
- Tracy, Susan
Entry Personal Name
001 - CONTROL NUMBER
- control field: 7407
003 - CONTROL NUMBER IDENTIFIER
- control field: OSt
005 - DATE AND TIME OF LATEST TRANSACTION
- control field: 20250415141228.0
008 - FIXED-LENGTH DATA ELEMENTS
- fixed length control field: 250415|| aca||aabn | a|a d
040 ## - CATALOGING SOURCE
- Original cataloging agency: OSt
- Transcribing agency: OSt
100 ## - HEADING--PERSONAL NAME
- Personal name: Tracy, Susan
670 ## - SOURCE DATA FOUND
- Source citation: Work cat.: (OSt)755: Geffen , Dennis.H . 7406, Hygiene, Infectious Diseases and Dieteties / , 1952.
